| 000 | 00931nam a2200229 a 4500 | ||
|---|---|---|---|
| 999 |
_c12469 _d12469 |
||
| 001 | 12469 | ||
| 003 | BD-JhCC | ||
| 005 | 20220226104322.0 | ||
| 008 | 220226s10192017bg |||| |||| 000 0 ban d | ||
| 020 | _a9847004800004 | ||
| 035 | _a(BD-JhCC)12469 | ||
| 040 |
_aBD-JhCC _dBD-JhCC |
||
| 041 | _aban | ||
| 082 |
_a297.63 _bNAD 2017 |
||
| 100 | _aনদভী, ইয়াহইয়া ইউসুফ | ||
| 245 |
_aপ্রিয়নবী (সাল্লাল্লাহু আলাইহি ওয়াসাল্লাম) / _cইয়াহইয়া ইউসুফ নদভী |
||
| 260 |
_aঢাকা : _bমাকতাবাতুল আশরাফ, _c২০১৭। |
||
| 300 |
_a৫৭৬ পৃ. : _c২২ সেমি. |
||
| 490 | _aশিশু-কিশোর সীরাতুন্নবী স. সিরিজ : ১-১০ | ||
| 600 |
_aMuhammad (Sm), Hazrat _d570-623 |
||
| 942 |
_2ddc _cBK |
||